Memórias de menina (Record no. 187637)

MARC details
000 -LÍDER
campo de controle de tamanho fixo 00365 a2200169 4500
001 - NÚMERO DE CONTROLE
campo de controle 187637
020 ## - ISBN - INTERNATIONAL STANDARD BOOK NUMBER
ISBN - International Standard Book Number 85-03-00747-9
040 ## - FONTE DA CATALOGAÇÃO
Instituição que transcreveu o registro Magnum
100 ## - ENTRADA PRINCIPAL--NOME PESSOAL
Nome pessoal Queiroz, Rachel de
240 10 - TÍTULO UNIFORME
Título uniforme Memórias de menina
Idioma da obra por
245 10 - TÍTULO
Título Memórias de menina
300 ## - DESCRIÇÃO FÍSICA
Extensão 31
362 0# - DATAS DE PUBLICAÇÃO E/OU DESIGNAÇÃO SEQUENCIAL
Datas de publicação e/ou designação sequencial 2006
440 #1 - DECLARAÇÃO DE SÉRIE/ENTRADA ADICIONADA--TÍTULO
Título José Olympio
697 ## - ENTRADA DE ASSUNTO LOCAL--ENTIDADE COLETIVA (RLIN)
Nome corporativo ou nome da jurisdição LITERATURA INFANTO
942 ## - ELEMENTOS DE ENTRADA ADICIONADOS (KOHA)
Tipo de material Koha Livros
Holdings
Situação do descarte Situação das perdas Situação física Não pode ser emprestado Biblioteca de origem Biblioteca atual Data de aquisição Total de empréstimos Número de chamada completo Código de barras Data de último acesso Data do preço efetivo Tipo de material Koha
        Magnum Magnum 08/06/2024   869.1.540 MAG00058755 08/06/2024 08/06/2024 Livros
        Magnum Magnum 08/06/2024   869.1.540 MAG00058756 08/06/2024 08/06/2024 Livros
        Magnum Magnum 08/06/2024   869.1.540 MAG00058757 08/06/2024 08/06/2024 Livros
        Magnum Magnum 08/06/2024   869.1.540 MAG00058758 08/06/2024 08/06/2024 Livros
        Magnum Magnum 08/06/2024   869.1.540 MAG00058759 08/06/2024 08/06/2024 Livros
        Magnum Magnum 08/06/2024   869.1.540 MAG00058760 08/06/2024 08/06/2024 Livros
        Magnum Magnum 08/06/2024   869.1.540 MAG00058761 08/06/2024 08/06/2024 Livros
        Magnum Magnum 08/06/2024   869.1.540 MAG00058762 08/06/2024 08/06/2024 Livros
        Magnum Magnum 08/06/2024   869.1.540 MAG00058763 08/06/2024 08/06/2024 Livros
        Magnum Magnum 08/06/2024   869.1.540 MAG00058764 08/06/2024 08/06/2024 Livros